000 00294nam a22001337a 4500
008 181031b xxu||||| |||| 00| 0 eng d
020 _a9780674399747
041 _aeng
080 _a940
100 _a16
101 _aSHH
245 _aA History of Private Life
_cVeyne,P
942 _2udc
_cBK
999 _c51228
_d51228